000 00568nam a2200181 i 4500
001 104583
003 ES-MaACL
005 20230906183636.0
007 t|
008 051201s1969 sp ||||1| spa d
100 1 _aMiller, Delbert C.
_981203
245 1 0 _aSociología industrial /
_cDelbert C. Miller y William H. Form; [versión... por Ricardo Moragas].
260 _aMadrid :
_bRialp,
_c1969.
300 _a941 p. :
_bil. ;
_c24 cm.
700 1 _aForm, William H.
_951750
700 1 _aMoragas Moragas, Ricardo.
_982918
852 _aES-MaACL
_jC-36595
_bR.69507
999 _c104583
_d104583